[Event "36th Olympiad"]
[Site "Calvia ESP"]
[Date "2004.10.23"]
[Round "8"]
[White "Fancy,S"]
[Black "Murara,M"]
[Result "1-0"]
[WhiteElo "2195"]
[BlackElo "1944"]

1.e4 c5 2.Nf3 d6 3.Bb5+ Nd7 4.d4 cxd4 5.Qxd4 a6 6.Bc4 e6 7.Bg5 Ngf6 8.O-O b5
9.Be2 Bb7 10.a4 bxa4 11.Nc3 Be7 12.Rfd1 O-O 13.e5 Nd5 14.Bxe7 Qxe7 15.exd6 Qxd6
16.Nxd5 exd5 17.Rxa4 Qc5 18.c3 Rfe8 19.Kf1 Bc6 20.Rb4 a5 21.Qxc5 Nxc5 22.Rb6 Rac8
23.Rxc6 Rxc6 24.Bb5 Rec8 25.Bxc6 Rxc6 26.Rxd5 h6 27.Nd4 Rc8 28.Ke2 a4 29.f3 Re8+
30.Kd2 Rc8 31.c4 Ne6 32.Kc3 Nf4 33.Ra5 Nxg2 34.Rxa4 Ne3 35.b3 g5 36.Kd3 Re8
37.b4 Nd1 38.Ra2 Kg7 39.b5 Kg6 40.c5 Ne3 41.b6 Nd5 42.Kc4 Rd8 43.b7 Nc7 44.Nb5 Nxb5
45.Kxb5 Rb8 46.Kb6  1-0

[Event "36th Olympiad w"]
[Site "Calvia ESP"]
[Date "2004.10.23"]
[Round "8"]
[White "Goutor,V"]
[Black "Jelica,M"]
[Result "0-1"]
[WhiteElo "2013"]
[BlackElo "2252"]

1.e4 c5 2.Nf3 d6 3.Bb5+ Bd7 4.Bxd7+ Nxd7 5.O-O Ngf6 6.Re1 e5 7.c3 Be7 8.d4 cxd4
9.cxd4 O-O 10.Nc3 a6 11.a4 h6 12.b4 d5 13.Rb1 dxe4 14.Nxe5 Rc8 15.Nxd7 Qxd7
16.Nxe4 Nxe4 17.Rxe4 Qf5 18.f3 Bd6 19.Bd2 Qd5 20.Be1 Rc4 21.Re2 Rxd4 22.Rd2 Rxd2
23.Qxd2 Qf5 24.Qb2 Be5 25.Qb3 Rc8 26.Rd1 h5 27.Qd3 Qxd3 28.Rxd3 Rc1 29.Kf2 Bxh2
30.Bd2 Bg1+ 31.Ke2 Rc7 32.Rd8+ Kh7 33.Kd3 Kg6 34.Bf4 Re7 35.Bg3 f6 36.a5 Kh7
37.Bd6 Re1 38.Kc4 b6 39.axb6 Bxb6 40.Ra8 Ra1 41.Bc5 Bc7 42.Ra7 Be5 43.Bf8 f5
44.Kd5 Bf6 45.Be7 Rd1+ 46.Kc6 Bxe7 47.Rxe7 Rd8 48.g4 fxg4 49.fxg4 h4 50.Re5 Rd4
51.Rh5+ Kg6 52.Rxh4 Rxb4 53.Kc5 a5 54.Kd5 Kg5 55.Rh1 Rxg4 56.Ra1 a4 57.Ke5 g6
58.Ra2 Rb4 59.Rg2+ Kh5 60.Rh2+ Rh4 61.Rg2 g5 62.Rc2 a3 63.Rc8 Ra4 64.Rh8+ Kg4
65.Rh1 Kf3 66.Kf5 Ra5+  0-1

[Event "Essent Open"]
[Site "Hoogeveen NED"]
[Date "2004.10.23"]
[Round "9"]
[White "Klinova,M"]
[Black "Clemens,A"]
[Result "0-1"]
[WhiteElo "2400"]
[BlackElo "2277"]

1.e4 c5 2.Nf3 d6 3.Bb5+ Nd7 4.O-O Nf6 5.Re1 a6 6.Bf1 b6 7.d4 cxd4 8.Nxd4 Bb7
9.f3 e6 10.c4 Be7 11.Nc3 O-O 12.b3 Qc7 13.Bb2 Rac8 14.Rc1 Qb8 15.Kh1 Bd8
16.Qd2 Bc7 17.Nd5 exd5 18.exd5 Ne5 19.Nf5 Bd8 20.f4 Ng6 21.g4 Rc5 22.Bg2 Bc8
23.b4 Rc7 24.Nxd6 Bxg4 25.h3 Bh5 26.Nf5 Qc8 27.Ng3 Rxc4 28.Bxf6 Bxf6 29.Rxc4 Qxc4
30.Nxh5 Bc3 31.Rc1 Bxd2 32.Rxc4 Rd8 33.a3 Kf8 34.f5 Ne5 35.Rc2 Be3 36.Ng3 b5
37.Nf1 Bd4 38.Nd2 Be3 39.Nb3 Nc4 40.Nc5 Ke7 41.Nxa6 Nxa3 42.Nc7 Nxc2  0-1

[Event "3rd Masters"]
[Site "Rosny sous bois FRA"]
[Date "2004.10.23"]
[Round "1"]
[White "Riff,JN"]
[Black "Cossin,S"]
[Result "1/2-1/2"]
[WhiteElo "2428"]
[BlackElo "2395"]

1.e4 c5 2.Nf3 d6 3.Bb5+ Nd7 4.d4 a6 5.Bxd7+ Bxd7 6.dxc5 dxc5 7.Nc3 e6 8.Bf4 Ne7
9.Ne5 Ng6 10.Bg5 Qc7 11.Nxd7 Qxd7 12.Qxd7+ Kxd7 13.Be3 Bd6 14.g3 Kc6 15.O-O-O Rad8
16.Rhe1 b5 17.Nb1 Bc7 18.Nd2 Ba5 19.f4 f5 20.c3 Bb6 21.Bf2 Rhe8 22.Nf3 Rxd1+
23.Kxd1 fxe4 24.Rxe4 Bc7 25.c4 e5 26.fxe5 Bxe5 27.b3 bxc4 28.Rxc4 Bd6 29.Bxc5 Bxc5
30.b4 Rd8+ 31.Kc2 Rd5 32.bxc5 Ne5 33.Nd4+ Kc7 34.Ne6+ Kd7 35.c6+ Nxc6 36.Nc5+ Kd6
37.Ne4+ Kd7 38.Nc5+ Kd6 39.Ne4+ Kd7  1/2-1/2

[Event "36th Olympiad w"]
[Site "Calvia ESP"]
[Date "2004.10.24"]
[Round "9"]
[White "Berzina,I"]
[Black "Seps,M"]
[Result "1-0"]
[WhiteElo "2240"]
[BlackElo "2077"]

1.e4 c5 2.Nf3 d6 3.Bb5+ Nd7 4.c3 Nf6 5.Qe2 a6 6.Ba4 c4 7.O-O e5 8.Bc2 Qc7
9.b3 cxb3 10.axb3 Be7 11.d4 O-O 12.c4 Re8 13.Bb2 Nh5 14.Nc3 Nf4 15.Qd2 Bf6
16.Rfe1 Nf8 17.Nd5 Nxd5 18.exd5 Bg4 19.dxe5 dxe5 20.d6 Qc5 21.Ng5 Rad8 22.Ne4 Qc8
23.Nxf6+ gxf6 24.Re3 Ng6 25.Be4 Bd7 26.Rc1 Nf4 27.c5 Bc6 28.Rg3+ Kh8 29.Qxf4  1-0

[Event "36th Olympiad"]
[Site "Calvia ESP"]
[Date "2004.10.24"]
[Round "9"]
[White "Nogueira,I"]
[Black "Nikolaidis,I"]
[Result "1/2-1/2"]
[WhiteElo "2293"]
[BlackElo "2527"]

1.e4 c5 2.Nf3 d6 3.Bb5+ Nd7 4.d4 Nf6 5.Nc3 a6 6.Bxd7+ Nxd7 7.O-O e6 8.dxc5 dxc5
9.e5 Be7 10.Ne4 O-O 11.Bf4 Nb6 12.Qe2 Nd5 13.Bg5 b5 14.c4 bxc4 15.Qxc4 Rb8
16.Bxe7 Qxe7 17.Qxc5 Rxb2 18.Qxe7 Nxe7 19.Rfb1 Rc2  1/2-1/2

[Event "36th Olympiad"]
[Site "Calvia ESP"]
[Date "2004.10.24"]
[Round "9"]
[White "Yung Lau"]
[Black "Porter,Ru"]
[Result "1/2-1/2"]
[WhiteElo "2147"]
[BlackElo "2176"]

1.e4 c5 2.Nf3 d6 3.Bb5+ Nd7 4.O-O Nf6 5.Re1 e6 6.c3 a6 7.Ba4 Be7 8.d4 b5
9.Bc2 e5 10.Nbd2 Qc7 11.a4 Rb8 12.axb5 axb5 13.Nf1 O-O 14.Ne3 g6 15.d5 Nb6
16.h3 Bd7 17.Qe2 Ra8 18.Bd2 Nh5 19.Rxa8 Rxa8 20.Ng4 Nc4 21.Bc1 Ra1 22.Bd3 Qa5
23.Bxc4 bxc4 24.Qxc4 Qb5 25.Qxb5 Bxb5 26.Be3 Rxe1+ 27.Nxe1 Kf8 28.b3 Bd8
29.c4 Bd7 30.f3 f5 31.Nf2 Ba5 32.Ned3 f4 33.Bc1 Ng3 34.Bb2 Ne2+ 35.Kf1 Ng3+
36.Kg1 Ne2+ 37.Kf1 Ng3+  1/2-1/2

[Event "36th Olympiad w"]
[Site "Calvia ESP"]
[Date "2004.10.24"]
[Round "9"]
[White "Socko,M"]
[Black "Krush,I"]
[Result "1/2-1/2"]
[WhiteElo "2439"]
[BlackElo "2464"]

1.e4 c5 2.Nf3 d6 3.Bb5+ Bd7 4.Bxd7+ Qxd7 5.O-O Nc6 6.c3 Nf6 7.d4 Nxe4 8.d5 Nb8
9.Re1 Nf6 10.Bg5 e5 11.dxe6 fxe6 12.Bxf6 gxf6 13.Qd5 e5 14.b4 Nc6 15.Nbd2 cxb4
16.Ne4 Be7 17.cxb4 f5 18.Neg5 Bxg5 19.Nxg5 h6 20.Ne6 Ke7 21.Nf4 Kf6 22.Nh5+ Kg6
23.Ng3 Nxb4 24.Qd1 Nc6 25.Qh5+ Kf6 26.Rad1 d5 27.Qh4+ Kg6 28.Qh5+ Kf6 29.Qh3 Rad8
30.Qh4+ Ke6 31.Nh5 Qf7 32.Qh3 Kd6 33.Ng3 f4 34.Ne4+ Kc7 35.Nc5 Kb8 36.Rb1 b6
37.Qc3 Rc8 38.Na4 d4 39.Qd3 Rc7 40.a3 Rhc8 41.f3 h5 42.Qb5  1/2-1/2

[Event "36th Olympiad w"]
[Site "Calvia ESP"]
[Date "2004.10.25"]
[Round "10"]
[White "Skripchenko,A"]
[Black "Petrenko,S"]
[Result "1/2-1/2"]
[WhiteElo "2474"]
[BlackElo "2323"]

1.e4 c5 2.Nf3 d6 3.Bb5+ Bd7 4.Bxd7+ Qxd7 5.O-O Nc6 6.b3 Nf6 7.Qe2 g6 8.c3 Bg7
9.d4 O-O 10.Bb2 cxd4 11.cxd4 d5 12.e5 Ne8 13.Nc3 Nc7 14.Rad1 f5 15.Ne1 f4
16.f3 g5 17.Qd2 Qf5 18.Ne2 e6 19.Nd3 Rf7 20.Rc1 Bf8 21.a3 Re8 22.Rc2 h5 23.Bc1 Nb5
24.Rxc6 bxc6 25.b4 a5 26.a4 Nc7 27.bxa5 Na6 28.Bb2 c5 29.dxc5 Nxc5 30.Nf2 Nxa4
31.Ba1 Nc5 32.Nd4 Qg6 33.Qe2 Rb8 34.Nc6 Rb1 35.a6 Rxf1+ 36.Qxf1 Nxa6 37.Qxa6 Qb1+
38.Qf1 Qxf1+ 39.Kxf1 Rc7 40.Nd4 Rc1+ 41.Ke2 Rxa1 42.Nxe6 Ra2+ 43.Kf1 Be7
44.h4 Kf7 45.Nxg5+ Bxg5 46.hxg5 Kg6 47.Nd3 Kxg5 48.e6 Ra7 49.Nb4 Re7 50.Nxd5 Rxe6
51.Nc3 Rc6 52.Ne4+ Kf5 53.Kg1 Re6 54.Nf2 Re2 55.Nh3 Ke5 56.Kf1 Ra2 57.Kg1 Ra1+
58.Kf2 Rb1 59.Ke2 Rb2+ 60.Kf1 Rd2 61.Kg1 Rb2 62.Kf1 Rc2 63.Kg1 Rd2 64.Kh2 Rd1
65.Nf2 Rf1 66.Nh3 Ra1 67.Ng5 Kd4 68.Nh3 Ke3 69.Ng1 Ra7 70.Nh3 Rf7 71.Kg1 Ke2
72.Ng5 Rf6 73.Nh3 Rf5 74.Nf2 Ra5 75.Nh3 Ra4 76.Kh2 Kf1 77.Kh1 Rb4 78.Kh2 Ke2
79.Kg1 Ke3 80.Kh2 Rb7 81.Kg1 Rf7 82.Kh2 Rg7 83.Kg1 Rg3 84.Nf2 Ke2 85.Ne4 Rg6
86.Nf2 Rg7 87.Nh3 Ke3 88.Nf2 h4 89.Nh3 Rg3 90.Nf2 Ke2 91.Ne4 Rg8 92.Nf2 Ra8
93.Nh3 Ra4 94.Kh2 Kf1 95.Kh1 Rb4 96.Kh2 Ke2 97.Kg1 Ke3 98.Kh2 Rb5 99.Kg1 Rb8
100.Kh2 Rg8 101.Kg1 Rg7 102.Kf1 Rg8 103.Kg1 Rb8 104.Kh2 Rb1 105.Ng5 Rb5 106.Nh3 Rf5
107.Kg1 Rf8 108.Kf1 Rg8 109.Kg1 Rg3 110.Nf2 Ke2 111.Ne4 Rg6 112.Nf2 Rg8 113.Nh3 Ke3
114.Kf1 Rg6 115.Kg1 Rf6 116.Kf1 Rf8 117.Kg1 Kd4 118.Kh2 Ke5 119.Kg1 Ra8 120.Kh2 Ra1
121.Nf2 Kf5 122.Nh3 Rf1 123.Ng1 Ra1 124.Nh3 Ra2 125.Kg1 Ke5 126.Kh2 Ra4 127.Kg1 Ra8
128.Kh2 Ra1 129.Nf2 Kd4 130.Nh3 Ke3 131.Ng5 Ra5 132.Nh3 Rb5 133.Kg1 Ra5 134.Kh2 Ra4
135.Kg1 Ke2 136.Kh2 Ke3 137.Kg1 Ra5 138.Kh2 Ra1 139.Ng5  1/2-1/2

[Event "36th Olympiad"]
[Site "Calvia ESP"]
[Date "2004.10.25"]
[Round "10"]
[White "Iuldachev,S"]
[Black "Hracek,Z"]
[Result "1/2-1/2"]
[WhiteElo "2550"]
[BlackElo "2595"]

1.e4 c5 2.Nf3 d6 3.Bb5+ Bd7 4.Bxd7+ Qxd7 5.O-O Nc6 6.c3 Nf6 7.Qe2 e6 8.d4 cxd4
9.cxd4 d5 10.e5 Ne4 11.Be3 Be7 12.Ne1 f6 13.f3 Ng5 14.Nd3 Nf7 15.f4 f5 16.Nd2 O-O
17.Nf3 Rac8 18.Nc5 Nxd4 19.Nxd7 Nxe2+ 20.Kf2 Rfd8 21.Kxe2 Rxd7 22.Rfc1 Rdc7
23.Rxc7 Rxc7 24.Bxa7 Rc2+ 25.Kd3 Rxb2 26.Rc1 Nd8 27.Rc2 Rxc2 28.Kxc2 Nc6
29.Be3 Kf7 30.Kb3 Ke8 31.Ka4 Kd7 32.Kb5 h6 33.h4 g6 34.g3 Bb4 35.a4 Bc3 36.Bc5 Kc8
37.Bb6 Bb4 38.Be3 Bc3 39.Bc5 Kd7 40.Bb6 Kc8 41.Bc5 Bb2 42.Bb6 Ba3 43.Be3 Be7
44.Bb6 Kd7 45.Be3 Bd8 46.Bc5 Ba5 47.Bf8 Bc3 48.Bc5 d4 49.Kc4 Na5+ 50.Kd3 Nb3
51.Bxd4 Nxd4 52.Nxd4 Be1 53.Ne2 Bf2 54.Kc4 Kc6 55.Nd4+ Kd7 56.Ne2 Kd8 57.Kb4 Kc8
58.Kc4 Kd7 59.Kb5 Kc7 60.Kc4 Kc6 61.Nd4+ Kd7 62.Ne2 Kd8 63.Kb5 Kc7 64.Kc4 Kc6
65.Nd4+ Bxd4 66.Kxd4 b5 67.a5 Kb7 68.g4 fxg4 69.h5 g3 70.Ke3 g2 71.Kf2 gxh5
72.f5 b4 73.fxe6 b3 74.e7 b2 75.e8=Q g1=Q+ 76.Kxg1 b1=Q+ 77.Kf2 Qf5+ 78.Ke3 Qg5+
79.Ke4 Qg4+ 80.Kd5 h4 81.Qc6+ Ka7 82.Qb6+ Ka8 83.e6 h3 84.Qc6+ Ka7 85.Qb6+ Ka8
86.Qc6+ Ka7 87.Qc7+ Ka8 88.e7 Qh5+ 89.Kd6 h2 90.Qc6+ Ka7 91.Qb6+ Ka8 92.Qa6+ Kb8
93.Qb6+ Ka8 94.Qc6+  1/2-1/2

[Event "36th Olympiad"]
[Site "Calvia ESP"]
[Date "2004.10.25"]
[Round "10"]
[White "Yung Lau"]
[Black "Leong Mun Wan"]
[Result "1/2-1/2"]
[WhiteElo "2147"]
[BlackElo "2205"]

1.e4 c5 2.Nf3 d6 3.Bb5+ Bd7 4.Bxd7+ Qxd7 5.O-O Nc6 6.c3 g6 7.Qe2 Bg7 8.Rd1 e6
9.d4 cxd4 10.cxd4 Nge7 11.Nc3 O-O 12.Bg5 Rfe8 13.Rac1 Rac8 14.e5 Nd5 15.Ne4 dxe5
16.dxe5 Nxe5 17.Nxe5 Bxe5 18.Nc5 Qd6 19.g3 Bg7 20.Ne4 Qb4 21.b3 a6 22.Qf3 Rxc1
23.Rxc1 f5 24.Nc5 h6 25.Nxe6 Rxe6 26.Qxd5 Qd6 27.Rc8+ Kh7 28.Qxd6 Rxd6 29.Be3 Rd7  1/2-1/2

[Event "36th Olympiad"]
[Site "Calvia ESP"]
[Date "2004.10.25"]
[Round "10"]
[White "Sanduleac,V"]
[Black "Kempinski,R"]
[Result "1/2-1/2"]
[WhiteElo "2486"]
[BlackElo "2608"]

1.e4 c5 2.Nf3 d6 3.Bb5+ Bd7 4.Bxd7+ Qxd7 5.O-O Nf6 6.e5 dxe5 7.Nxe5 Qd6 8.Re1 Nc6
9.Nxc6 Qxc6 10.d3 e6 11.Nc3 Be7 12.Qe2 O-O 13.Bg5 Rfe8 14.Rad1 b5 15.Nb1 Qd5
16.Bxf6 Bxf6 17.c4 Qd7 18.cxb5 Qxb5 19.Nc3 Qb7 20.Qc2 Qb4 21.Rc1 Red8 22.Re4 Rd4
23.Rxd4 Qxd4 24.Ne4 Be7 25.Qc3 Qd5 26.a3 Rb8 27.Nxc5 Bf6 28.Qc4 Bxb2 29.Qxd5 exd5
30.Rb1 Re8 31.a4 h6 32.Kf1 Bd4 33.Rb5 Bc3 34.Rb1 Bd4 35.Rb5 Bc3 36.Rb1 Rc8
37.Nb3 Bf6 38.Nd2 Rc3 39.Nf3 g5 40.h3 Rxd3 41.Rb7 h5 42.Rxa7 g4 43.hxg4 hxg4
44.Ne1 Rd2 45.Rc7 Ra2 46.Nc2 Rxa4 47.Ne3 Ra1+ 48.Ke2 Ra2+ 49.Rc2 Rxc2+  1/2-1/2

[Event "36th Olympiad"]
[Site "Calvia ESP"]
[Date "2004.10.26"]
[Round "11"]
[White "Ivanchuk,V"]
[Black "Dominguez,L"]
[Result "1-0"]
[WhiteElo "2705"]
[BlackElo "2645"]

1.e4 c5 2.Nf3 d6 3.Bb5+ Bd7 4.Bxd7+ Qxd7 5.c4 Nf6 6.Nc3 g6 7.d4 cxd4 8.Nxd4 Bg7
9.f3 O-O 10.Be3 Nc6 11.O-O e6 12.Qd2 a6 13.Nxc6 Qxc6 14.Rac1 b5 15.Rfd1 Rfd8
16.e5 Ne8 17.cxb5 axb5 18.Ne4 Qd5 19.exd6 f5 20.Qf2 Qxa2 21.d7 fxe4 22.Bb6 Rxd7
23.Rxd7 Qxb2 24.Qxb2 Bxb2 25.Rb1 Nf6 26.Ra7 Rxa7 27.Bxa7 Bc3 28.fxe4 b4 29.Bc5 Nxe4
30.Bxb4 Bd4+ 31.Kf1 Kf7 32.Rc1 Kf6 33.Ke2 Be5 34.Rf1+ Kg5 35.Kd3 Nd6 36.h3 Nf5
37.Bd2+ Kh4 38.Re1 Bb8 39.Rxe6 Kg3 40.Re2 Ng7 41.Be1+ Kh2 42.g4+  1-0

[Event "36th Olympiad"]
[Site "Calvia ESP"]
[Date "2004.10.26"]
[Round "11"]
[White "Hernandez,Gi"]
[Black "Mecking,H"]
[Result "1/2-1/2"]
[WhiteElo "2509"]
[BlackElo "2557"]

1.e4 c5 2.Nf3 d6 3.Bb5+ Bd7 4.Bxd7+ Nxd7 5.O-O Ngf6 6.Qe2 e6 7.b3 Be7 8.Bb2 O-O
9.c4 e5 10.Nc3 Ne8 11.Ne1 Nc7 12.Nc2 Bf6 13.Ne3 Ne6 14.g3 g6 15.Qd3 Nd4 16.Ncd5 Bg7
17.f3  1/2-1/2

[Event "36th Olympiad"]
[Site "Calvia ESP"]
[Date "2004.10.27"]
[Round "12"]
[White "Bu Xiangzhi"]
[Black "Ibrahimov,R"]
[Result "1-0"]
[WhiteElo "2615"]
[BlackElo "2505"]

1.e4 c5 2.Nf3 d6 3.Bb5+ Bd7 4.Bxd7+ Qxd7 5.O-O Nf6 6.Re1 Nc6 7.c3 e6 8.d3 Be7
9.Nbd2 O-O 10.Nf1 b5 11.Ng3 Rfc8 12.d4 d5 13.e5 Ne8 14.dxc5 Bxc5 15.Qd3 Bf8
16.h4 b4 17.c4 Ne7 18.Ng5 g6 19.Qf3 Nc6 20.cxd5 exd5 21.Qd3 Bg7 22.f4 Nc7
23.N5e4 Rd8 24.Nf2 Qe7 25.h5 Qh4 26.hxg6 hxg6 27.Ne2 Ne6 28.g3 Qe7 29.Bd2 Qb7
30.Rac1 Rac8 31.Rc2 b3 32.axb3 Nb4 33.Bxb4 Qxb4 34.Rec1 Rb8 35.Rd1 a5 36.Kg2 Qxb3
37.Qxb3 Rxb3 38.Nd4 Nxd4 39.Rxd4 g5 40.Nd3 gxf4 41.gxf4 f6 42.Rc7 Rb5 43.f5 Rf8
44.e6 Bh6 45.Rh4  1-0

[Event "36th Olympiad"]
[Site "Calvia ESP"]
[Date "2004.10.27"]
[Round "12"]
[White "Mok Tze Meng"]
[Black "Ermenkov,E"]
[Result "1/2-1/2"]
[WhiteElo "2336"]
[BlackElo "2454"]

1.e4 c5 2.Nf3 d6 3.Bb5+ Nc6 4.Bxc6+ bxc6 5.O-O Bg4 6.Re1 e5 7.h3 Bh5 8.c3 Ne7
9.g4 Bg6 10.d4 cxd4 11.cxd4 f6 12.Na3 Bf7 13.Be3 Qc8 14.dxe5 dxe5 15.Nh4 h5
16.Nf5 Nxf5 17.gxf5 Bb4 18.Bd2 Rb8 19.Bxb4 Rxb4 20.Qd6 Rd4 21.Qc5 Qd7 22.Rac1 Bxa2
23.b3 g6 24.Nc2 Rd2 25.Ra1 gxf5 26.Rxa2 Rg8+ 27.Kh2 f4 28.Rxa7 Rxc2 29.Qb6 Qc8
30.Rea1 f3 31.Ra8 Rg2+ 32.Kh1 Rc1+ 33.Rxc1 Qxa8 34.Qe3 Qa2 35.Qxf3 Rxf2 36.Qxh5+ Ke7
37.Qh7+ Kf8  1/2-1/2

[Event "36th Olympiad w"]
[Site "Calvia ESP"]
[Date "2004.10.27"]
[Round "12"]
[White "Xu Yuhua"]
[Black "Dzagnidze,N"]
[Result "0-1"]
[WhiteElo "2487"]
[BlackElo "2484"]

1.e4 c5 2.Nf3 d6 3.Bb5+ Bd7 4.Bxd7+ Qxd7 5.c4 Nf6 6.Nc3 g6 7.d4 cxd4 8.Nxd4 Bg7
9.f3 O-O 10.Be3 Nc6 11.O-O a6 12.a4 e6 13.Nde2 Qe7 14.Bf2 Nd7 15.Rb1 Nde5
16.b3 f5 17.exf5 gxf5 18.Qd2 Kh8 19.Be3 Rg8 20.Bg5 Qe8 21.Nf4 h6 22.Bh4 Ng6
23.Nxg6+ Qxg6 24.Bg3 Kh7 25.Ne2 Rad8 26.Rbd1 Be5 27.Nf4 Qf7 28.Kh1 Rg7 29.b4 Rdg8
30.b5 Nd4 31.Qf2 Bxf4 32.Bxf4 e5 33.Qh4 Rg6 34.Be3 Nc2 35.Bg1 f4 36.Rd2 Na3
37.c5 Nc4 38.Rc2 d5 39.Rfc1 axb5 40.axb5 Qd7 41.b6 Qe6 42.Re2 Qf7 43.Rec2 Qd7
44.Re1 Rg5 45.Rd1 Qf7 46.Rdc1 R8g6 47.Qh3 Na5 48.Rd1 Nc6 49.Re2 d4 50.Rdd2 Rg7
51.Qc8 Qd5 52.Ra2 Ne7 53.Qb8 Ng6 54.Rec2 d3 55.Rd2 Nh4 56.c6 Qxc6 57.Rxd3 Nxg2
58.Ra8 Ne1 59.Qh8+ Kg6 60.Rad8 Kh5  0-1

[Event "36th Olympiad w"]
[Site "Calvia ESP"]
[Date "2004.10.27"]
[Round "12"]
[White "Munoz,Do"]
[Black "Charmova,E"]
[Result "0-1"]
[WhiteElo "1979"]
[BlackElo "2047"]

1.e4 c5 2.Nf3 d6 3.Bb5+ Bd7 4.Bxd7+ Qxd7 5.c4 g6 6.O-O Bg7 7.d4 cxd4 8.Nxd4 Nc6
9.Be3 Nf6 10.Nc3 Ng4 11.b3 Nxe3 12.fxe3 O-O 13.Rc1 Rac8 14.Qd2 a6 15.Nd5 Qd8
16.Rf2 e6 17.Nc3 Qe7 18.Rd1 Rc7 19.Nde2 Rd8 20.Rdf1 Ne5 21.h3 Rdc8 22.Rd1 Rd8
23.Nd4 Rdc8 24.Nde2 Bf8 25.a4 Qg5 26.Rdf1 h5 27.Nf4 Qe7 28.Nd3 Qg5 29.Nxe5 Qxe5
30.Qd3 Bg7 31.Ne2 Rd8 32.Nd4 Rcd7 33.Qc2 Qc5 34.Rd1 d5 35.cxd5 Qxc2 36.Nxc2 exd5
37.Rfd2 d4 38.exd4 Re7 39.Re1 f5 40.e5 Rxe5 41.Rxe5 Bxe5 42.d5 Kf7 43.Kf2 g5
44.Rd3 f4 45.Kf3 Kf6 46.Na3 Kf5 47.Nc4 g4+ 48.hxg4+ hxg4+ 49.Ke2 Bd6 50.Na5 Rd7
51.Nc4 Bc5 52.Nd2 b5 53.axb5 axb5 54.Nb1 Ke5 55.b4 Bd4 56.Ra3 Rxd5 57.Ra8 Bb2
58.Re8+ Kf5 59.Rf8+ Kg5 60.Rg8+ Kh4 61.Rf8 Kg3 62.Rf7 f3+ 63.gxf3 gxf3+ 64.Ke1 Re5+
65.Kf1 Bd4 66.Na3 Rh5 67.Ke1 Rh1+ 68.Kd2 f2 69.Nxb5 Be5  0-1

[Event "36th Olympiad"]
[Site "Calvia ESP"]
[Date "2004.10.28"]
[Round "13"]
[White "Hracek,Z"]
[Black "Lutz,C"]
[Result "1/2-1/2"]
[WhiteElo "2595"]
[BlackElo "2596"]

1.e4 c5 2.Nf3 d6 3.Bb5+ Nd7 4.d4 a6 5.Bxd7+ Bxd7 6.dxc5 dxc5 7.Nc3 e6 8.Bf4 Ne7
9.Qe2 Ng6 10.Bg3 Be7 11.h4 h5 12.O-O-O b5 13.e5 b4 14.Ne4 Qa5 15.Kb1 Qb5
16.Rd3 c4 17.Nd6+ Bxd6 18.Rxd6 b3 19.Nd4  1/2-1/2

[Event "36th Olympiad"]
[Site "Calvia ESP"]
[Date "2004.10.28"]
[Round "13"]
[White "Gallagher,Jo"]
[Black "Gashimov,V"]
[Result "1/2-1/2"]
[WhiteElo "2543"]
[BlackElo "2586"]

1.Nf3 c5 2.e4 d6 3.Bb5+ Bd7 4.Bxd7+ Qxd7 5.O-O Nc6 6.c3 Nf6 7.d4 Nxe4 8.d5 Ne5
9.Re1 Nxf3+ 10.Qxf3 Nf6 11.c4 O-O-O 12.Nc3 g6 13.Rb1 Qf5 14.Qxf5+ gxf5 15.Bg5 Ng8
16.Re3 Re8 17.Nb5 Kd7 18.Nxa7 Ra8 19.Ra3 Bh6 20.f4 Bg7 21.b4 b6 22.Bh4 Bd4+
23.Bf2 Bxf2+ 24.Kxf2 Nf6 25.bxc5 Ne4+ 26.Ke3 Nxc5 27.Rxb6 Rhe8 28.Kf3 Rec8
29.Ra5 Rc7 30.Nc6 Rxa5 31.Nxa5 Ra7 32.Rb5 Ne4 33.g4 Kc7 34.gxf5 Nc3 35.Rb3 Nxd5
36.cxd5 Rxa5 37.Kg4 Rxa2 38.f6 Rxh2 39.fxe7 Kd7 40.Re3 Ke8 41.f5 Rg2+ 42.Kf4 h6
43.Rh3 Rf2+ 44.Ke4 Kxe7 45.Rxh6 Rf1 46.Rh3 Re1+ 47.Kf4 Rf1+ 48.Ke4 Ra1 49.Rh6 Re1+
50.Kd4 Rd1+ 51.Ke4 Rf1 52.Rh3 Kf8 53.Rh8+ Ke7  1/2-1/2

[Event "36th Olympiad w"]
[Site "Calvia ESP"]
[Date "2004.10.28"]
[Round "13"]
[White "Sikorova,O"]
[Black "Igla,B"]
[Result "0-1"]
[WhiteElo "2252"]
[BlackElo "2196"]

1.e4 c5 2.Nf3 d6 3.Bb5+ Bd7 4.Bxd7+ Qxd7 5.O-O Nc6 6.c3 Nf6 7.Re1 e6 8.d3 Be7
9.Nbd2 O-O 10.Nf1 Rac8 11.Ng3 Qc7 12.Qe2 Nd7 13.Ng5 h6 14.Nh3 Rfe8 15.f4 Bh4
16.Qf3 Ne7 17.b3 f5 18.Bb2 d5 19.exd5 exd5 20.Re2 Bxg3 21.hxg3 Nf6 22.Rae1 Qd7
23.Nf2 Nc6 24.Rxe8+ Rxe8 25.Rxe8+ Qxe8 26.Kf1 Qe6 27.Qe2 Kf7 28.Qxe6+ Kxe6
29.Ke2 d4 30.c4 Nh5 31.Kf3 g5 32.Nh1 Nb4 33.fxg5 hxg5 34.g4 fxg4+ 35.Kxg4 Nf4
36.Bc1 Nbxd3 37.Bd2 Kf6 38.Kf3 a6 39.g3 Ne5+ 40.Ke4 Nfd3 41.g4 b6 42.Ng3 Nf2+
43.Kd5 Nfxg4 44.Ne4+ Kf5 45.Nd6+ Kg6 46.b4 Nd3 47.b5 axb5 48.cxb5 Nf6+ 49.Kc6 g4
50.Kxb6 g3 51.Kc6 g2 52.b6 g1=Q 53.b7 Ne5+ 54.Kc7 Ned7 55.a4 Qh2  0-1

[Event "36th Olympiad"]
[Site "Calvia ESP"]
[Date "2004.10.28"]
[Round "13"]
[White "Yung Lau"]
[Black "Figueroa,Marc"]
[Result "1/2-1/2"]
[WhiteElo "2147"]
[BlackElo "2126"]

1.e4 c5 2.Nf3 d6 3.Bb5+ Bd7 4.Bxd7+ Nxd7 5.O-O Ngf6 6.Qe2 g6 7.c3 Bg7 8.d4 e5
9.Rd1 Qc7 10.Bg5 O-O 11.Na3 exd4 12.cxd4 Rfe8 13.Nb5 Qc6 14.Bxf6 Bxf6 15.Nc3 a6
16.Qd2 Rad8 17.Rac1 Bg7 18.Qf4 Nf6 19.Re1 Nh5 20.Qd2 b5 21.b4 c4 22.Re2 Qd7
23.h3 f5 24.Rce1 fxe4 25.Rxe4 Nf6 26.Rxe8+ Rxe8 27.Rxe8+ Qxe8 28.Qf4 Qe7
29.Kf1 h6 30.g4 Qe6 31.Qe3 Kf7 32.Qf4 Kg8 33.Qe3 Kf7 34.Qf4 Kg8  1/2-1/2

[Event "4th Rohde Open"]
[Site "Sautron FRA"]
[Date "2004.10.28"]
[Round "6"]
[White "Cochet,C"]
[Black "Colin,V"]
[Result "0-1"]
[WhiteElo "2095"]
[BlackElo "2396"]

1.e4 c5 2.Nf3 d6 3.Bb5+ Bd7 4.Bxd7+ Qxd7 5.c4 g6 6.Nc3 Bg7 7.d4 cxd4 8.Nxd4 Nc6
9.Be3 Nf6 10.f3 O-O 11.O-O Rfc8 12.b3 Qd8 13.Qd2 Qa5 14.Rfd1 a6 15.Nd5 Qxd2
16.Rxd2 Nxd5 17.exd5 Nxd4 18.Bxd4 b5 19.Bxg7 Kxg7 20.Rc1 bxc4 21.bxc4 Rab8
22.Kf2 Rb4 23.Rdc2 Ra4 24.Ke3 Rc5 25.Kd3 Rca5 26.Re1 Kf6 27.Ree2 Ra3+ 28.Kd4 g5
29.Rb2 h5 30.Rb7 e5+ 31.dxe6 fxe6 32.Rb6 Rxa2 33.Rxa2 Rxa2 34.Rxd6 Rxg2 35.Rxa6 Rxh2
36.c5 Rd2+ 37.Ke4 Rd5 38.Rc6 Rd8 39.f4 gxf4 40.Kxf4 Rh8 41.Rd6 Rc8 42.c6 Rc7
43.Ke4 h4 44.Kd4 h3 45.Kc5 Rh7 46.Rd1 h2 47.Rh1 Ke7 48.c7 Kd7 49.Kb6 Kc8
50.Kc6 e5 51.Kd5 Rh5 52.Ke4 Kxc7 53.Kd5 Kd7 54.Ke4 Ke6 55.Ke3 Rh8 56.Ke4 Rh3  0-1

[Event "36th Olympiad"]
[Site "Calvia ESP"]
[Date "2004.10.29"]
[Round "14"]
[White "Arapovic,V"]
[Black "Zagorskis,D"]
[Result "1/2-1/2"]
[WhiteElo "2430"]
[BlackElo "2486"]

1.e4 c5 2.Nf3 d6 3.Bb5+ Bd7 4.Bxd7+ Qxd7 5.O-O Nc6 6.Re1 Nf6 7.c3 e6 8.d4 cxd4
9.Nxd4 Be7 10.Bg5 O-O 11.Nxc6 Qxc6 12.Nd2 Qb5 13.Bxf6 Bxf6 14.Qb3 Qc6 15.Nf3 Rfd8
16.Rad1 a6 17.Nd4 Qc7 18.Rd3 Rd7 19.Red1 Rad8 20.Nc2 Qc6 21.f3 h6 22.a4 Rc8
23.Kf1 Be7 24.Nd4 Qc4 25.Qxc4 Rxc4 26.b3 Rc5 27.c4 Rdc7 28.g3 g6 29.f4 Kg7
30.Ke2 Rc8 31.Kf3 Re8 32.Nc2 b5 33.axb5 axb5 34.Na3 bxc4 35.Nxc4 Rb8 36.Nxd6 Bxd6
37.Rxd6 Rxb3+ 38.R6d3 Rcc3 39.Rxc3 Rxc3+ 40.Kg4 Rc2 41.h4 h5+  1/2-1/2

[Event "36th Olympiad w"]
[Site "Calvia ESP"]
[Date "2004.10.29"]
[Round "14"]
[White "Gaponenko,I"]
[Black "Dzagnidze,N"]
[Result "0-1"]
[WhiteElo "2445"]
[BlackElo "2484"]

1.e4 c5 2.Nf3 d6 3.Bb5+ Nc6 4.d4 cxd4 5.Qxd4 Bd7 6.Bxc6 Bxc6 7.Nc3 Nf6 8.Bg5 e6
9.O-O-O Be7 10.Rhe1 O-O 11.Kb1 Qa5 12.Qd2 Rfd8 13.Nd5 Qxd2 14.Nxe7+ Kf8 15.Nxd2 Kxe7
16.f4 e5 17.g3 h6 18.Bh4 Rg8 19.f5 b5 20.c4 Rgc8 21.Rc1 bxc4 22.Nxc4 Bb5
23.b3 Bxc4 24.Rxc4 Rxc4 25.bxc4 Rc8 26.Rc1 g5 27.fxg6 fxg6 28.Bxf6+ Kxf6
29.Kb2 Ke6 30.Kb3 Rb8+ 31.Kc3 Rf8 32.Rd1 g5 33.Rd2 g4 34.c5 dxc5 35.Kc4 Rf1
36.Kxc5 Rc1+ 37.Kb5 Re1 38.a4 Rxe4 39.a5 Rd4 40.Rc2 e4 41.a6 e3 42.Re2 Re4
43.Kc6 Ke5 44.Kb7 Kd4 45.Kxa7 Kd3 46.Re1 e2 47.Kb6 Kd2 48.a7 Re8  0-1

[Event "WYb12"]
[Site "Heraklio GRE"]
[Date "2004.11.06"]
[Round "3"]
[White "Papp,Ab"]
[Black "Liu Qingnan"]
[Result "0-1"]
[WhiteElo "2073"]
[BlackElo "2320"]

1.e4 c5 2.Nf3 d6 3.Bb5+ Nc6 4.Bxc6+ bxc6 5.O-O e5 6.c3 Nf6 7.Re1 Be7 8.d4 cxd4
9.cxd4 Qc7 10.h3 O-O 11.Nc3 h6 12.Qc2 exd4 13.Nxd4 c5 14.Nf3 Be6 15.Bf4 Qb7
16.Rad1 Rfd8 17.Qe2 Bf8 18.Rd2 d5 19.e5 Ne8 20.b3 Nc7 21.Rc1 Rac8 22.Na4 Nb5
23.Nc3 Nxc3 24.Rxc3 Qb4 25.Rc1 Qxf4 26.g3 Qe4 27.Qxe4 dxe4 28.Rxd8 Rxd8 29.Ne1 Bxh3  0-1

[Event "Extraliga CZE 2004-5"]
[Site "Czech Rep CZE"]
[Date "2004.11.07"]
[Round "2"]
[White "Sikorova,O"]
[Black "Dvorak,T"]
[Result "0-1"]
[WhiteElo "2252"]
[BlackElo "2308"]

1.e4 c5 2.Nf3 d6 3.Bb5+ Nd7 4.O-O a6 5.Bxd7+ Bxd7 6.d4 cxd4 7.Qxd4 e5 8.Qd3 h6
9.a4 Nf6 10.c4 Be7 11.b3 b5 12.axb5 axb5 13.Rxa8 Qxa8 14.Nbd2 O-O 15.Bb2 Qb7
16.Ba3 b4 17.Bb2 Bc6 18.Re1 Nd7 19.Re2 Nc5 20.Qb1 Bd8 21.Ne1 Bb6 22.Kh1 f5
23.exf5 Bd7 24.f3 Bxf5 25.Qa1 e4 26.Bd4 exf3 27.Ndxf3 Ne4 28.Nc2 Bxd4 29.Qxd4 Nc3
30.Rf2 Be4 31.Nce1 d5 32.c5 Qb5 33.c6 Qxc6 34.Qxb4 Nd1 35.Rf1 Qc3 36.Qxc3 Nxc3
37.Rf2 Ra8 38.h3 Ra1 39.Kh2 Rb1 40.Kg3 Rxb3 41.Kf4 Rb1 42.Ke5 Nd1 43.Ra2 Ne3
44.Kf4 Nc4 45.Nc2 Rb2 46.Rxb2 Nxb2 47.Nb4 Nc4 48.h4 Kf7 49.g3 Bxf3 50.Kxf3 Ke6
51.Kf4 Ne5 52.h5 Nf7 53.Nc2 Kf6 54.Ne3 d4 55.Ng4+ Ke6 56.Ke4 Nd6+ 57.Kxd4 Nf5+
58.Ke4 Nxg3+ 59.Kf3 Nxh5 60.Ne3 Nf6 61.Nc2 Ke5 62.Ne3 g5 63.Nc4+ Kf5 64.Ne3+ Kg6
65.Kg3 h5 66.Ng2 Nd5 67.Kh3 Nf4+  0-1